Statistics for Congo DR football Ligue 1 winners

Click here to take the quiz!

General Stats

  • This quiz has been taken 11 times
  • The average score is 3 of 10

Answer Stats

ChampionsTeams% Correct
19TP Mazembe
100%
15AS Vita Club
50%
6FC Saint Eloi Lupopo
33%
1AS Bantous
17%
4AS Dragons
17%
12DC Motema Pembe
17%
1Sanga Balende
17%
1SCOM Mikishi
0%
1US Bilombe
0%
1US Tshinkunku
0%

Score Distribution

Percentile by Number Answered

Percent of People with Each Score

Your Score History

You have not taken this quiz